Statistiques concernant Pays les plus proches de Norvège

Cliquez ici pour prendre le quiz!

Statistiques générales

  • Ce quiz a été pris 185 fois
  • Le résultat moyen est 18 sur 20

Statistiques - réponses

kmpays% Correct
0Finlande
100%
327Allemagne
99%
110Danemark
99%
0Suède
99%
0Russie
98%
820France
96%
645Lituanie
96%
494Pays-Bas
96%
575Pologne
96%
734Belgique
95%
554Estonie
95%
599Lettonie
95%
293Royaume-Uni
94%
973Islande
90%
870Luxembourg
89%
914Biélorussie
88%
847Irlande
87%
879Tchéquie
85%
446Groenland
37%
579Îles Féroé
37%

Distribution des résultats

Percentile par nombre de réponses

% des personnes avec chaque résultat

Votre développement - résultats

Vous n’avez pas pris ce quiz